000 00528nam a22001937a 4500
003 KOHA_MİRAKIL
005 20251003135927.0
008 251003b tu ||||| |||| 00| 0 tur d
020 _a9786059020640
040 _aTR-AnABB
_btur
_cTR-AnABB
041 _atur
082 _a813.42
_bARI 2015
100 1 _aArı, Tekgül,
245 1 0 _aAşk susmadan git /
_cTekgül Arı
260 _aAnkara :
_bNota Bene Yayınları,
_c2015
300 _a248 sayfa ;
_c18 cm
650 0 4 _aTürk edebiyatı, roman
942 _2ddc
_cBK
999 _c9070
_d9070
900 _bGizem YORULMAZ